| 000 | 00362nam a22001457a 4500 | ||
|---|---|---|---|
| 003 | SGT | ||
| 082 | _a345.2840954,NAL | ||
| 100 | _a Nalwa, Suman | ||
| 245 | _aLAW RELATING TO DOWRY, DOWRY DEATH, CRUELTY TO WOMEN & DOMESTIC VIOLENCE | ||
| 250 | _a2ND | ||
| 260 |
_aNEW DELHI _bUNIVERSAL BOOKS _c2013 |
||
| 300 | _a668 | ||
| 650 | _aCRIMINAL LAW | ||
| 942 |
_2ddc _cBK |
||
| 999 |
_c9772 _d9772 |
||